[Event "Chigorin Memorial-A 14th"]
[Site "St Petersburg"]
[Date "2006.10.30"]
[Round "9"]
[White "Zarubin, Pavel"]
[Black "Makarov, Marat"]
[Result "1/2-1/2"]
[WhiteElo "2441"]
[BlackElo "2515"]
[PlyCount "146"]
[EventDate "2006.10.23"]
[EventType "swiss"]
[EventRounds "9"]
[EventCountry "RUS"]
[SourceTitle "EXT 2007"]
[Source "ChessBase"]
[SourceDate "2006.11.23"]
[SourceVersion "1"]
[SourceVersionDate "2006.11.23"]
[SourceQuality "1"]

1. Nf3 Nf6 2. d4 e6 3. c4 d5 4. e3 Be7 5. Nbd2 0-0 6. b3 b6 7. Bb2 Bb7 8. Bd3 c5 9. dxc5 bxc5 10. 0-0 Nbd7 11. Qe2 Ne4 12. cxd5 exd5 13. Ba6 Bxa6 14. Qxa6 Nxd2 15. Nxd2 Qb6 16. Qa4 Qe6 17. Rfe1 Rfb8 18. Bc3 Rb6 19. Qf4 Ra6 20. Qf3 Rd8 21. Qe2 Qh6 22. Nf1 Re6 23. Ba5 Rc8 24. Qf3 Nf6 25. Red1 Ra6 26. Be1 Bd6 27. Rd2 Qg5 28. Rad1 h5 29. Qe2 Rb6 30. Rd3 Qf5 31. Bc3 Be5 32. Ng3 Bxg3 33. hxg3 Ne4 34. Qb2 d4 35. exd4 c4 36. Rf3 Qd5 37. Be1 Rbc6 38. bxc4 Rxc4 39. Qb3 Nf6 40. Rfd3 Re8 41. Qb2 Rc6 42. Qb3 Rce6 43. Bd2 Qf5 44. Rf3 Qe4 45. Re3 Qf5 46. Rxe6 Rxe6 47. Bf4 Rb6 48. Qf3 Nd5 49. Re1 Rb1 50. Qe2 Rxe1+ 51. Qxe1 Nxf4 52. gxf4 Qxf4 53. Qd1 g6 54. d5 Qd6 55. Qd4 a6 56. a4 Kf8 57. Qe4 Qe7 58. Qf4 Ke8 59. Qb8+ Qd8 60. Qb7 Qd6 61. a5 h4 62. Kf1 g5 63. f3 f6 64. Qc8+ Ke7 65. Qc4 Kd7 66. Qd4 Ke7 67. Ke2 Qg3 68. Qe4+ Kd8 69. Kf1 h3 70. gxh3 Qxh3+ 71. Ke2 Qg2+ 72. Kd1 Qg1+ 73. Ke2 Qg2+ 1/2-1/2

[Event "Chigorin Memorial-A 14th"]
[Site "St Petersburg"]
[Date "2006.10.27"]
[Round "6"]
[White "Rychagov, Andrey"]
[Black "Zarubin, Pavel"]
[Result "1-0"]
[WhiteElo "2572"]
[BlackElo "2441"]
[PlyCount "121"]
[EventDate "2006.10.23"]
[EventType "swiss"]
[EventRounds "9"]
[EventCountry "RUS"]
[SourceTitle "EXT 2007"]
[Source "ChessBase"]
[SourceDate "2006.11.23"]
[SourceVersion "1"]
[SourceVersionDate "2006.11.23"]
[SourceQuality "1"]

1. d4 Nf6 2. c4 d6 3. Nf3 g6 4. Nc3 Bg7 5. e4 0-0 6. Be2 e5 7. Be3 Na6 8. 0-0 Ng4 9. Bg5 Qe8 10. h3 f6 11. Bd2 Nh6 12. dxe5 dxe5 13. c5 c6 14. Bxa6 bxa6 15. Qa4 Rb8 16. b3 Nf7 17. Rfe1 Qd7 18. Rad1 Qb7 19. Bc1 Qb4 20. Qxb4 Rxb4 21. Ba3 Rb7 22. Na4 Be6 23. Nb2 Bh6 24. Nd3 Rfb8 25. Bc1 Bxc1 26. Rxc1 Rd8 27. Nb2 Rb4 28. Kf1 Kf8 29. Re3 Ke7 30. Ke2 Rd7 31. Nd2 Rb5 32. a4 Rb8 33. Ndc4 Rd4 34. Na5 Nd8 35. Rd1 Rxd1 36. Kxd1 Rb4 37. Kc2 Rd4 38. Kc3 Bd7 39. Nd3 Be8 40. Re1 g5 41. Nb4 h5 42. g4 Ke6 43. f3 Rd7 44. Nxa6 Rh7 45. Rd1 Ke7 46. Nb8 hxg4 47. hxg4 Rh3 48. Rd3 Rh1 49. Rd6 Rf1 50. Nbxc6+ Nxc6 51. Nxc6+ Bxc6 52. Rxc6 Rxf3+ 53. Kc4 Re3 54. Rc7+ Ke6 55. Rxa7 Rxe4+ 56. Kb5 Rxg4 57. a5 e4 58. Ra8 Rg3 59. b4 Ke7 60. a6 e3 61. a7 1-0

[Event "Chigorin Memorial-A 14th"]
[Site "St Petersburg"]
[Date "2006.10.26"]
[Round "5"]
[White "Zarubin, Pavel"]
[Black "Yevseev, Denis"]
[Result "1-0"]
[WhiteElo "2441"]
[BlackElo "2534"]
[PlyCount "101"]
[EventDate "2006.10.23"]
[EventType "swiss"]
[EventRounds "9"]
[EventCountry "RUS"]
[SourceTitle "EXT 2007"]
[Source "ChessBase"]
[SourceDate "2006.11.23"]
[SourceVersion "1"]
[SourceVersionDate "2006.11.23"]
[SourceQuality "1"]

1. d4 d5 2. c4 e6 3. Nc3 c6 4. e3 Nf6 5. Nf3 Nbd7 6. Qc2 Bd6 7. Bd2 0-0 8. 0-0-0 b5 9. c5 Bc7 10. Bd3 a5 11. h3 b4 12. Na4 Ba6 13. Bxa6 Rxa6 14. Kb1 Ne4 15. Be1 Qf6 16. Nd2 Nxd2+ 17. Rxd2 e5 18. dxe5 Nxe5 19. b3 Raa8 20. Rd4 Nd7 21. f3 Be5 22. Rd3 Qe6 23. Bf2 Rae8 24. Rhd1 f5 25. Be1 Bf6 26. Bg3 g6 27. Bc7 Bg7 28. Bxa5 Qf6 29. Rd4 Rxe3 30. Bxb4 Rfe8 31. Bc3 Qe7 32. R4d3 Re2 33. R3d2 Re3 34. Bxg7 Qxg7 35. Qb2 Qe7 36. Qd4 Nf8 37. Nb2 Qa7 38. Nd3 R3e7 39. h4 Ne6 40. Qc3 Nc7 41. a4 Rb8 42. Rb2 Ra8 43. h5 g5 44. Qf6 Ne6 45. Qxf5 Rf8 46. Qg4 Nxc5 47. Nxc5 Qxc5 48. Qxg5+ Rg7 49. Qh6 Qb6 50. Qe6+ Kh8 51. Ka2 1-0

[Event "RUS-chT2 12th"]
[Site "Smolensk"]
[Date "2005.02.11"]
[Round "10"]
[White "Lelekova, Olga"]
[Black "Zarubin, Pavel"]
[Result "0-1"]
[WhiteElo "2142"]
[BlackElo "2438"]
[PlyCount "68"]
[EventDate "2005.02.03"]
[EventType "team"]
[EventRounds "11"]
[EventCountry "RUS"]
[SourceTitle "CBM 104 Extra"]
[Source "ChessBase"]
[SourceDate "2005.03.01"]
[SourceVersion "1"]
[SourceVersionDate "2005.03.01"]
[SourceQuality "1"]

1. e4 e6 2. d4 d5 3. Nd2 c5 4. exd5 Qxd5 5. Ngf3 cxd4 6. Bc4 Qd6 7. 0-0 Nf6 8. Nb3 Nc6 9. Nbxd4 Nxd4 10. Nxd4 a6 11. c3 Qc7 12. Bd3 Bd6 13. h3 Bd7 14. Bg5 Bf4 15. Bxf6 gxf6 16. Qf3 Rd8 17. Rfe1 Kf8 18. Qh5 Bc8 19. Re4 f5 20. Ree1 h6 21. Rad1 b6 22. Qe2 b5 23. a4 Rg8 24. axb5 Rxd4 25. cxd4 Bb7 26. f3 axb5 27. Bxb5 Bd5 28. Rf1 Rg6 29. Bd3 Qb6 30. Bb1 Qd8 31. Rc1 Qh4 32. Rc8+ Kg7 33. g4 Qxh3 34. Qg2 Rxg4 0-1

[Event "RUS-chT2 12th"]
[Site "Smolensk"]
[Date "2005.02.04"]
[Round "2"]
[White "Nikolaev, Nikita"]
[Black "Zarubin, Pavel"]
[Result "1-0"]
[WhiteElo "2339"]
[BlackElo "2438"]
[PlyCount "59"]
[EventDate "2005.02.03"]
[EventType "team"]
[EventRounds "11"]
[EventCountry "RUS"]
[SourceTitle "CBM 104 Extra"]
[Source "ChessBase"]
[SourceDate "2005.03.01"]
[SourceVersion "1"]
[SourceVersionDate "2005.03.01"]
[SourceQuality "1"]

1. Nf3 d5 2. d4 Nf6 3. c4 e6 4. g3 a6 5. Bg2 dxc4 6. 0-0 Nc6 7. Nc3 Rb8 8. e4 Bb4 9. d5 Bxc3 10. bxc3 Ne7 11. Ba3 Nxe4 12. Qd4 Nf6 13. Qa7 Bd7 14. dxe6 fxe6 15. Bxe7 Kxe7 16. Qc5+ Ke8 17. Rfe1 b5 18. Rad1 Qe7 19. Qxc7 Rc8 20. Qb7 Qc5 21. Ne5 Rc7 22. Nxd7 Nxd7 23. Qa8+ Rc8 24. Rxe6+ Kd8 25. Qb7 Rc7 26. Qb8+ Rc8 27. Qd6 Qxd6 28. Rexd6 Rc7 29. Bh3 Ke7 30. Rxd7+ 1-0

[Event "RUS-chT2 12th"]
[Site "Smolensk"]
[Date "2005.02.04"]
[Round "3"]
[White "Zarubin, Pavel"]
[Black "Pimonenko, Boris"]
[Result "1-0"]
[WhiteElo "2438"]
[BlackElo "2339"]
[PlyCount "85"]
[EventDate "2005.02.03"]
[EventType "team"]
[EventRounds "11"]
[EventCountry "RUS"]
[SourceTitle "CBM 104 Extra"]
[Source "ChessBase"]
[SourceDate "2005.03.01"]
[SourceVersion "1"]
[SourceVersionDate "2005.03.01"]
[SourceQuality "1"]

1. d4 Nf6 2. c4 g6 3. Nc3 Bg7 4. e4 0-0 5. Nf3 d6 6. Be2 e5 7. Be3 Ng4 8. Bg5 f6 9. Bh4 Nc6 10. d5 Ne7 11. Nd2 f5 12. Bxg4 fxg4 13. Bg5 h6 14. Be3 g5 15. c5 Rf6 16. Nc4 Ng6 17. cxd6 cxd6 18. g3 Bd7 19. a4 Rc8 20. b3 Bf8 21. a5 Ra8 22. Qc1 Rf7 23. Qa3 Qf6 24. 0-0-0 Be8 25. Kb1 Rc7 26. Rc1 Nh8 27. Nd2 Nf7 28. Qb4 Qe7 29. Nb5 Bxb5 30. Qxb5 a6 31. Qe2 Rxc1+ 32. Rxc1 Qd7 33. Qc4 Be7 34. Qc7 Rd8 35. Bb6 Kf8 36. Nf1 Qb5 37. Qc4 Qxc4 38. Rxc4 Rd7 39. Ne3 Bd8 40. Nxg4 h5 41. Ne3 Bxb6 42. axb6 Nh6 43. Rc8+ 1-0

[Event "Kiev Independence Cup-A 3rd"]
[Site "Kiev"]
[Date "2003.08.21"]
[Round "9"]
[White "Zarubin, Pavel"]
[Black "Shianovsky, Vladislav I"]
[Result "1-0"]
[WhiteElo "2442"]
[BlackElo "2281"]
[PlyCount "129"]
[EventDate "2003.08.13"]
[EventType "swiss"]
[EventRounds "11"]
[EventCountry "UKR"]
[SourceTitle "EXT 2004"]
[Source "ChessBase"]
[SourceDate "2003.11.25"]
[SourceVersion "1"]
[SourceVersionDate "2003.11.25"]
[SourceQuality "1"]

1. d4 Nf6 2. Nf3 g6 3. c4 Bg7 4. Nc3 0-0 5. e4 d6 6. Be2 e5 7. 0-0 Nbd7 8. Qc2 exd4 9. Nxd4 Nc5 10. Rd1 Re8 11. f3 c6 12. Be3 Qe7 13. Bf1 a5 14. Qd2 Nfd7 15. Re1 a4 16. Rad1 Ne5 17. Kh1 Bf6 18. Nc2 Bh4 19. Bf2 Be6 20. Bxh4 Qxh4 21. Qxd6 Ncd7 22. Qd4 Rad8 23. b3 axb3 24. axb3 Qg5 25. Qf2 h5 26. Rd2 Qf6 27. Red1 Nf8 28. Rxd8 Rxd8 29. Rxd8 Qxd8 30. Qe3 g5 31. g3 Qf6 32. Be2 Nfg6 33. Kg1 h4 34. Nd1 c5 35. Nc3 Nc6 36. Nd5 Qb2 37. Qc3 Qc1+ 38. Ne1 Nd4 39. Kf2 Qxc3 40. Nxc3 Nxb3 41. Nc2 hxg3+ 42. hxg3 f5 43. exf5 Bxf5 44. Ne3 Be6 45. Ne4 Ne5 46. Nxg5 Bd7 47. f4 Nc6 48. Ne4 Kg7 49. Nd6 Nba5 50. Bf3 Kf8 51. Bd5 Ke7 52. Ndf5+ Kf6 53. g4 Bxf5 54. Nxf5 Nb4 55. Nd6 Nxd5 56. cxd5 b6 57. Ke3 Nb3 58. g5+ Kg6 59. Nb5 c4 60. d6 Nc5 61. Kd4 Ne6+ 62. Ke5 Nc5 63. Kd5 Kf5 64. Kc6 Ne6 65. d7 1-0

[Event "Kiev Independence Cup-A 3rd"]
[Site "Kiev"]
[Date "2003.08.13"]
[Round "1"]
[White "Zarubin, Pavel"]
[Black "Tkachenko, Dmitri"]
[Result "1-0"]
[WhiteElo "2442"]
[BlackElo "2220"]
[PlyCount "125"]
[EventDate "2003.08.13"]
[EventType "swiss"]
[EventRounds "11"]
[EventCountry "UKR"]
[SourceTitle "EXT 2004"]
[Source "ChessBase"]
[SourceDate "2003.11.25"]
[SourceVersion "1"]
[SourceVersionDate "2003.11.25"]
[SourceQuality "1"]

1. d4 Nf6 2. Nf3 e6 3. e3 b6 4. Nbd2 Bb7 5. Bd3 Be7 6. b3 0-0 7. Bb2 d6 8. 0-0 c5 9. Qe2 Nc6 10. a3 Qc7 11. c4 a5 12. Bc3 cxd4 13. Nxd4 Nxd4 14. Bxd4 Qc6 15. f3 Nd7 16. Rac1 Qc7 17. Rfd1 Rac8 18. Qe1 Bf6 19. Ne4 Bxe4 20. Bxe4 Bxd4 21. exd4 Qd8 22. f4 d5 23. Bf3 dxc4 24. bxc4 Nf6 25. Qe5 Qc7 26. c5 Nd7 27. Qxc7 Rxc7 28. cxb6 Rxc1 29. Rxc1 Nxb6 30. Rc5 a4 31. Kf2 Rd8 32. Ke3 Kf8 33. Kd3 Ke7 34. Rb5 Rb8 35. Rb4 Kd6 36. Bd1 Kc7 37. g3 Ra8 38. Rb5 h6 39. Rc5+ Kd7 40. Bf3 Rb8 41. Rb5 Kc7 42. Rc5+ Kd7 43. f5 Kd6 44. fxe6 fxe6 45. Rb5 Kc7 46. Bg4 Kd6 47. Ke4 g6 48. h4 Nd7 49. Rxb8 Nxb8 50. Bd1 Nd7 51. Bxa4 Nf6+ 52. Ke3 e5 53. dxe5+ Kxe5 54. Bc6 g5 55. hxg5 hxg5 56. Bf3 Ne8 57. a4 Nd6 58. Kd3 Nc8 59. a5 Na7 60. Kc4 Kd6 61. Bb7 Kc7 62. a6 Kd6 63. Kb4 1-0

[Event "RUS-chT 05th"]
[Site "Maikop"]
[Date "1998.06.13"]
[Round "11"]
[White "Shcherbakov, Ruslan"]
[Black "Zarubin, Pavel"]
[Result "1/2-1/2"]
[WhiteElo "2555"]
[BlackElo "2445"]
[PlyCount "35"]
[EventDate "1998.06.03"]
[EventType "team-tourn"]
[EventRounds "11"]
[EventCountry "RUS"]
[SourceTitle "EXT 2020"]
[Source "ChessBase"]
[SourceDate "2019.10.17"]
[SourceVersion "1"]
[SourceVersionDate "2019.10.17"]
[SourceQuality "1"]
[WhiteTeam "Elista Uralan"]
[BlackTeam "Cherepovets Severstal"]
[WhiteTeamCountry "RUS"]
[BlackTeamCountry "RUS"]

1. d4 d5 2. c4 e6 3. Nc3 Be7 4. Nf3 Nf6 5. Qc2 0-0 6. Bg5 h6 7. Bxf6 Bxf6 8. Rd1 c6 9. e3 Nd7 10. Bd3 Qe7 11. 0-0 Rd8 12. a3 g6 13. Rfe1 Bg7 14. h4 dxc4 15. Bxc4 c5 16. dxc5 Qxc5 17. Ne4 Qc7 18. Qe2 1/2-1/2

[Event "RUS-chT 05th"]
[Site "Maikop"]
[Date "1998.06.09"]
[Round "7"]
[White "Zarubin, Pavel"]
[Black "Korneev, Oleg"]
[Result "1/2-1/2"]
[WhiteElo "2445"]
[BlackElo "2560"]
[PlyCount "71"]
[EventDate "1998.06.03"]
[EventType "team-tourn"]
[EventRounds "11"]
[EventCountry "RUS"]
[SourceTitle "EXT 2020"]
[Source "ChessBase"]
[SourceDate "2019.10.17"]
[SourceVersion "1"]
[SourceVersionDate "2019.10.17"]
[SourceQuality "1"]
[WhiteTeam "Cherepovets Severstal"]
[BlackTeam "Maykop Universitet"]
[WhiteTeamCountry "RUS"]
[BlackTeamCountry "RUS"]

1. d4 d5 2. Nf3 Nf6 3. c4 e6 4. Nc3 Be7 5. Bg5 h6 6. Bh4 0-0 7. e3 Ne4 8. Bxe7 Qxe7 9. Rc1 c6 10. Bd3 Nxc3 11. Rxc3 dxc4 12. Bxc4 Nd7 13. 0-0 b6 14. Qe2 Bb7 15. Ba6 Bxa6 16. Qxa6 c5 17. Rfc1 e5 18. dxc5 Nxc5 19. Qb5 Rfe8 20. b4 a6 21. Qc4 Na4 22. R3c2 b5 23. Qe4 Nb6 24. Rc7 Qe6 25. R1c5 Qxa2 26. h3 Rad8 27. Rxe5 Rxe5 28. Nxe5 Qe6 29. f4 Nc4 30. Rc6 Qe7 31. Rxa6 Qxb4 32. Nxf7 Qe1+ 33. Kh2 Nd2 34. Nxh6+ Kh8 35. Nf7+ Kg8 36. Nh6+ 1/2-1/2

[Event "RUS-chT 05th"]
[Site "Maikop"]
[Date "1998.06.04"]
[Round "2"]
[White "Vorobiov, Evgeny E"]
[Black "Zarubin, Pavel"]
[Result "1-0"]
[WhiteElo "2475"]
[BlackElo "2445"]
[PlyCount "75"]
[EventDate "1998.06.03"]
[EventType "team-tourn"]
[EventRounds "11"]
[EventCountry "RUS"]
[SourceTitle "EXT 2020"]
[Source "ChessBase"]
[SourceDate "2019.10.17"]
[SourceVersion "1"]
[SourceVersionDate "2019.10.17"]
[SourceQuality "1"]
[WhiteTeam "Moscow Apiko Yakimanka"]
[BlackTeam "Cherepovets Severstal"]
[WhiteTeamCountry "RUS"]
[BlackTeamCountry "RUS"]

1. e4 e6 2. d4 d5 3. Nd2 Nf6 4. e5 Nfd7 5. c3 c5 6. Bd3 Nc6 7. Ngf3 Be7 8. 0-0 Qc7 9. Re1 g5 10. dxc5 g4 11. Nd4 Ncxe5 12. Bb5 Bxc5 13. N2b3 Bd6 14. Bg5 Rg8 15. Bh4 a6 16. Bf1 Nb6 17. Nd2 Bd7 18. Rc1 Nec4 19. Nxc4 dxc4 20. g3 Kf8 21. Bg2 Rg6 22. Qd2 Re8 23. Rcd1 e5 24. Be4 exd4 25. Bxg6 Rxe1+ 26. Rxe1 fxg6 27. Qxd4 Kg8 28. Be7 Nc8 29. Bxd6 Qxd6 30. Qxd6 Nxd6 31. Rd1 Kf7 32. Rxd6 Ke7 33. Rd4 b5 34. Kf1 h5 35. Ke2 Bc6 36. Ke3 Bg2 37. a4 Bf1 38. a5 1-0

[Event "Moscow op"]
[Site "Moscow"]
[Date "1995.??.??"]
[Round "4"]
[White "Gagarin, Vasilij"]
[Black "Zarubin, Pavel"]
[Result "1/2-1/2"]
[WhiteElo "2440"]
[BlackElo "2425"]
[PlyCount "94"]
[EventDate "1995.??.??"]
[EventType "swiss"]
[EventRounds "9"]
[EventCountry "RUS"]
[SourceTitle "EXT 2000"]
[Source "ChessBase"]
[SourceDate "1999.11.16"]
[SourceVersion "1"]
[SourceVersionDate "1999.11.16"]
[SourceQuality "1"]

1. d4 d5 2. c4 e6 3. Nf3 Nf6 4. Nc3 Be7 5. Bg5 h6 6. Bh4 0-0 7. e3 b6 8. Be2 dxc4 9. Bxc4 Bb7 10. 0-0 Nbd7 11. Qe2 Ne4 12. Bg3 Bd6 13. Rfd1 Bxg3 14. hxg3 Qe7 15. Nxe4 Bxe4 16. Ba6 Rab8 17. Rac1 c5 18. Bb5 Nf6 19. dxc5 bxc5 20. b3 Rfd8 21. Bd3 Rd5 22. Bc4 Rxd1+ 23. Rxd1 Rd8 24. Rd2 Qc7 25. Ne1 Rxd2 26. Qxd2 Kf8 27. Be2 Nd7 28. f3 Bc6 29. Kf2 Ke7 30. Nd3 Bb5 31. Nf4 Bxe2 32. Nxe2 Qd6 33. Qc2 Ne5 34. Nc3 Nd3+ 35. Ke2 Nb4 36. Qe4 f5 37. Qc4 Kf6 38. f4 g5 39. a3 Nc2 40. Nb5 Qc6 41. Kf2 a6 42. Na7 Qe4 43. Qxc5 Qd3 44. Nc6 Qd2+ 45. Kg1 Qd1+ 46. Kh2 Qh5+ 47. Kg1 Qd1+ 1/2-1/2

[Event "Moscow op"]
[Site "Moscow"]
[Date "1995.??.??"]
[Round "6"]
[White "Krasnov, Sergey"]
[Black "Zarubin, Pavel"]
[Result "0-1"]
[WhiteElo "2360"]
[BlackElo "2425"]
[PlyCount "112"]
[EventDate "1995.??.??"]
[EventType "swiss"]
[EventRounds "9"]
[EventCountry "RUS"]
[SourceTitle "EXT 2000"]
[Source "ChessBase"]
[SourceDate "1999.11.16"]
[SourceVersion "1"]
[SourceVersionDate "1999.11.16"]
[SourceQuality "1"]

1. Nf3 d5 2. g3 c6 3. Bg2 Bg4 4. 0-0 Nd7 5. d3 e5 6. e4 dxe4 7. dxe4 Ngf6 8. Qe2 Bc5 9. Nbd2 0-0 10. Nc4 Bh5 11. a4 a5 12. Bd2 Bb4 13. c3 Bc5 14. h3 Re8 15. Rfd1 Qc7 16. g4 Bg6 17. Nh4 Nf8 18. Nf5 Ne6 19. Qf3 Rad8 20. Nxa5 Qxa5 21. b4 Qc7 22. bxc5 Nxc5 23. Qe3 Nb3 24. Rab1 Nxd2 25. Rxd2 Rxd2 26. Qxd2 Bxf5 27. exf5 Nd7 28. g5 Nc5 29. Re1 Nxa4 30. g6 Nc5 31. gxh7+ Kxh7 32. f6 gxf6 33. Qe2 Kg7 34. Kh1 Rh8 35. Qg4+ Kf8 36. Ra1 Ke7 37. Qb4 b6 38. f4 Rh4 39. Re1 Kf8 40. Qa3 Rxf4 41. Qa8+ Ke7 42. Ra1 Nd7 43. Bxc6 Rc4 44. Bb5 Rxc3 45. Rd1 Rxh3+ 46. Kg2 Qc2+ 47. Kxh3 Qxd1 48. Qa3+ Qd6 49. Qa7 Qd4 50. Qc7 Qd6 51. Qa7 Qd5 52. Qa3+ Nc5 53. Kg4 f5+ 54. Kxf5 Qe4+ 55. Kg5 Qf4+ 56. Kh5 Kf8 0-1

[Event "Moscow op"]
[Site "Moscow"]
[Date "1995.??.??"]
[Round "5"]
[White "Zarubin, Pavel"]
[Black "Gevorgjan, K."]
[Result "1-0"]
[WhiteElo "2425"]
[BlackElo "2215"]
[PlyCount "82"]
[EventDate "1995.??.??"]
[EventType "swiss"]
[EventRounds "9"]
[EventCountry "RUS"]
[SourceTitle "EXT 2000"]
[Source "ChessBase"]
[SourceDate "1999.11.16"]
[SourceVersion "1"]
[SourceVersionDate "1999.11.16"]
[SourceQuality "1"]

1. d4 e6 2. c4 f5 3. g3 Nf6 4. Bg2 Be7 5. Nf3 0-0 6. 0-0 d5 7. Qc2 c6 8. b3 Qe8 9. Ba3 Bxa3 10. Nxa3 a5 11. Qb2 Qe7 12. Nc2 Nbd7 13. Nce1 Ne4 14. Nd3 b6 15. Rac1 Bb7 16. Nfe5 Nxe5 17. Nxe5 c5 18. cxd5 exd5 19. e3 Rac8 20. Rfd1 Rfd8 21. f3 Nd6 22. f4 Ne4 23. Qa3 Qc7 24. Bh3 Nd6 25. g4 c4 26. Qb2 c3 27. Qg2 Ne4 28. gxf5 Nf6 29. Qe2 Ra8 30. Rc2 Ba6 31. Qe1 Ne4 32. Bg2 Rd6 33. Bxe4 dxe4 34. Qxc3 Qe7 35. Qc7 Qf6 36. Rc6 Rxc6 37. Qxc6 Qxc6 38. Nxc6 Kf7 39. d5 Ke8 40. Rd4 Kd7 41. Rxe4 Bd3 1-0

[Event "Moscow op"]
[Site "Moscow"]
[Date "1995.??.??"]
[Round "8"]
[White "Zarubin, Pavel"]
[Black "Skomorokhin, Roman"]
[Result "0-1"]
[WhiteElo "2425"]
[BlackElo "2465"]
[PlyCount "72"]
[EventDate "1995.??.??"]
[EventType "swiss"]
[EventRounds "9"]
[EventCountry "RUS"]
[SourceTitle "EXT 2000"]
[Source "ChessBase"]
[SourceDate "1999.11.16"]
[SourceVersion "1"]
[SourceVersionDate "1999.11.16"]
[SourceQuality "1"]

1. d4 d5 2. c4 dxc4 3. Nf3 a6 4. e3 Nf6 5. Bxc4 e6 6. Qe2 b5 7. Bd3 Bb7 8. Nbd2 Nbd7 9. Nb3 c5 10. dxc5 Bxc5 11. e4 0-0 12. 0-0 Bb6 13. Bf4 Nh5 14. Bd6 Ndf6 15. Bxf8 Nf4 16. Qd2 Nxd3 17. Rad1 Bxe4 18. Bc5 Bc7 19. Qg5 Qb8 20. Bd4 e5 21. Rxd3 Bxd3 22. Nxe5 h6 23. Qe3 Bxf1 24. Nc6 Qb7 25. Qf3 Bd8 26. Nc5 Qc8 27. Kxf1 Qg4 28. Qd3 Nd5 29. f3 Qc8 30. Ne5 Bf6 31. Ned7 Qc6 32. Qe4 Bxd4 33. Qxd4 Nf6 34. Ne5 Qd5 35. Qxd5 Nxd5 36. Ned3 a5 0-1

[Event "RUS-chT 02nd"]
[Site "Kolontaevo"]
[Date "1994.??.??"]
[Round "1"]
[White "Kharlov, Andrei"]
[Black "Zarubin, Pavel"]
[Result "0-1"]
[WhiteElo "2530"]
[BlackElo "2420"]
[PlyCount "52"]
[EventDate "1994.??.??"]
[EventType "team-tourn"]
[EventRounds "9"]
[EventCountry "RUS"]
[SourceTitle "EXT 2020"]
[Source "ChessBase"]
[SourceDate "2019.10.17"]
[SourceVersion "1"]
[SourceVersionDate "2019.10.17"]
[SourceQuality "1"]
[WhiteTeam "Kemerovo Politekhnik"]
[BlackTeam "Cherepovets Severstal"]
[WhiteTeamCountry "RUS"]
[BlackTeamCountry "RUS"]

1. Nf3 d5 2. b3 c6 3. Bb2 f6 4. d4 Bg4 5. Nbd2 e6 6. h3 Bh5 7. e4 Bd6 8. Bd3 Ne7 9. e5 fxe5 10. dxe5 Bc5 11. g4 Bg6 12. Nd4 Bxd4 13. Bxd4 Bxd3 14. cxd3 Ng6 15. Qf3 Qa5 16. Qe3 0-0 17. Bc5 Nf4 18. b4 Ng2+ 19. Ke2 Qa6 20. Qd4 Nf4+ 21. Ke3 Rf7 22. Bd6 c5 23. bxc5 Nc6 24. Qxf4 Rxf4 25. Kxf4 Qxd3 26. Nf3 g5+ 0-1

[Event "RUS-chT 02nd"]
[Site "Kolontaevo"]
[Date "1994.??.??"]
[Round "3"]
[White "Nikolenko, Oleg"]
[Black "Zarubin, Pavel"]
[Result "0-1"]
[WhiteElo "2475"]
[BlackElo "2420"]
[PlyCount "82"]
[EventDate "1994.??.??"]
[EventType "team-tourn"]
[EventRounds "9"]
[EventCountry "RUS"]
[SourceTitle "EXT 2020"]
[Source "ChessBase"]
[SourceDate "2019.10.17"]
[SourceVersion "1"]
[SourceVersionDate "2019.10.17"]
[SourceQuality "1"]
[WhiteTeam "Sovetov Krylia"]
[BlackTeam "Cherepovets Severstal"]
[WhiteTeamCountry "RUS"]
[BlackTeamCountry "RUS"]

1. e4 e6 2. d4 d5 3. Nd2 Nf6 4. e5 Nfd7 5. c3 c5 6. Bd3 Nc6 7. Ne2 cxd4 8. cxd4 f6 9. exf6 Nxf6 10. Nf3 Bd6 11. 0-0 Qc7 12. h3 0-0 13. Be3 e5 14. dxe5 Nxe5 15. Nxe5 Bxe5 16. Nd4 Qf7 17. Re1 Kh8 18. Rc1 Bd7 19. Nf3 Bxb2 20. Rc7 Qh5 21. Qb3 Be5 22. Nxe5 Qxe5 23. Rxb7 a5 24. Bd2 Qd4 25. Qc3 Qh4 26. Be3 Rae8 27. Bc5 Rxe1+ 28. Qxe1 Re8 29. Qa1 Qg5 30. Bf1 Bxh3 31. Bd4 Nh5 32. Qe1 Qg6 33. Qxa5 Bxg2 34. Bxg2 Nf4 35. Rxg7 Ne2+ 36. Kh2 Qh6+ 37. Bh3 Qf4+ 38. Rg3+ Qxd4 39. Qe1 Qe5 40. Qb4 Nxg3 41. fxg3 Rb8 0-1

[Event "RUS-chT 02nd"]
[Site "Kolontaevo"]
[Date "1994.??.??"]
[Round "2"]
[White "Serper, Grigory"]
[Black "Zarubin, Pavel"]
[Result "1/2-1/2"]
[WhiteElo "2575"]
[BlackElo "2420"]
[PlyCount "49"]
[EventDate "1994.??.??"]
[EventType "team-tourn"]
[EventRounds "9"]
[EventCountry "RUS"]
[SourceTitle "EXT 2020"]
[Source "ChessBase"]
[SourceDate "2019.10.17"]
[SourceVersion "1"]
[SourceVersionDate "2019.10.17"]
[SourceQuality "1"]
[WhiteTeam "Novosibirsk New Siberia"]
[BlackTeam "Cherepovets Severstal"]
[WhiteTeamCountry "RUS"]
[BlackTeamCountry "RUS"]

1. c4 e6 2. Nc3 d5 3. d4 Be7 4. Nf3 Nf6 5. Bg5 h6 6. Bh4 0-0 7. Qc2 a6 8. cxd5 exd5 9. e3 Re8 10. Bd3 c5 11. dxc5 Nc6 12. 0-0-0 Nb4 13. Qd2 Bxc5 14. Bb1 Be6 15. a3 Nc6 16. Bxf6 Qxf6 17. Nxd5 Bxd5 18. Qxd5 Na5 19. Ba2 Rad8 20. Qh5 Bxa3 21. Qxf7+ Qxf7 22. Bxf7+ Kxf7 23. bxa3 Nc4 24. Kc2 Nxa3+ 25. Kb3 1/2-1/2

[Event "Cherepovets"]
[Site "Cherepovets"]
[Date "1993.??.??"]
[Round "?"]
[White "Ivanov, Victor L"]
[Black "Zarubin, Pavel"]
[Result "1/2-1/2"]
[WhiteElo "2400"]
[BlackElo "2415"]
[PlyCount "46"]
[EventDate "1993.??.??"]
[EventType "tourn"]
[EventRounds "13"]
[EventCountry "RUS"]
[EventCategory "6"]
[SourceTitle "EXT 1997"]
[Source "ChessBase"]
[SourceDate "1996.11.15"]
[SourceVersion "1"]
[SourceVersionDate "1996.11.15"]
[SourceQuality "1"]

1. d4 d5 2. c4 e6 3. Nc3 Be7 4. Nf3 Nf6 5. g3 dxc4 6. Bg2 0-0 7. 0-0 Nbd7 8. a4 a5 9. e4 Bb4 10. Qe2 Nb6 11. Rd1 Bd7 12. Bg5 Bxc3 13. bxc3 h6 14. Bh4 Qe8 15. Bxf6 gxf6 16. Nh4 Bxa4 17. Rdb1 Bc6 18. Bh3 Kh7 19. Qf3 Qe7 20. Nf5 exf5 21. Bxf5+ Kg7 22. Qg4+ Kh8 23. Qh5 Kg7 1/2-1/2